F1 2011 Line-ups - Statistiques

Statistiques générales
  • Ce quiz a été pris 30 fois
  • Le résultat moyen est 15 sur 24
Statistiques - réponses
Tram Nationality Driver % Correct
Scuderia Ferrari Spain Fernando Alonso
100%
United Kingdom Lewis Hamilton
100%
Red Bull Racing Germany Sebastian Vettel
100%
Mercedes GP Petronas F1 Team Germany Nico Rosberg
93%
Brazil Felipe Massa
89%
Germany Michael Schumacher
89%
Vodafone McLaren Mercedes United Kingdom Jenson Button
86%
Australia Mark Webber
82%
AT&T Williams F1 Team Venezuela Pastor Maldonado
75%
Mexico Sergio Pérez
75%
Australia Daniel Ricciardo
68%
Sauber F1 Team Japan Kamui Kobayashi
61%
Scuderia Toro Rosso Switzerland Sébastien Buemi
61%
Brazil Rubens Barrichello
54%
Russia Vitaly Petrov
46%
Germany Adrian Sutil
43%
Team Lotus Finland Heikki Kovalainen
43%
Italy Jarno Trulli
43%
Spain Jaime Alguersuari
39%
Marussia Virgin Racing Germany Timo Glock
36%
Belgium Jérôme d'Ambrosio
32%
Lotus Renault GP Germany Nick Heidfeld
25%
Force India F1 Team United Kingdom Paul di Resta
25%
HRT Formula One Team Italy Vitantonio Liuzzi
21%
Aucun quiz correspondant
Distribution des résultats
% des personnes avec chaque résultat
Percentile par nombre de réponses
Votre historique - résultats
Vous n’avez pas pris ce quiz